[Event "Asuncion Aurora Cup U2200"]
[Site "Asuncion"]
[Date "2018.10.20"]
[Round "4"]
[White "Centurion, Emilio"]
[Black "Florentin, Damaso"]
[Result "1/2-1/2"]
[WhiteElo "1883"]
[BlackElo "1628"]
[PlyCount "123"]
[EventDate "2018.10.19"]
[EventType "swiss"]
[EventRounds "7"]
[EventCountry "PAR"]
[SourceTitle "CBM 187 Extra"]
[Source "ChessBase"]
[SourceDate "2018.11.04"]
[SourceVersion "1"]
[SourceVersionDate "2018.11.04"]
[SourceQuality "1"]

1. d4 d6 2. Nf3 c6 3. c4 Bg4 4. h3 Bh5 5. Qb3 Qc7 6. Bf4 Nd7 7. Nc3 e5 8. dxe5 dxe5 9. Bg3 Ngf6 10. e4 Bg6 11. Bd3 Nh5 12. Bh2 Nf4 13. Bf1 Be7 14. 0-0-0 f6 15. Nh4 Bf7 16. Nf5 Nc5 17. Qc2 0-0 18. g3 Ng6 19. f4 Rfd8 20. Be2 Bf8 21. Rhf1 Ne6 22. fxe5 Nxe5 23. g4 Rxd1+ 24. Rxd1 Rd8 25. Kb1 Rxd1+ 26. Qxd1 Qd7 27. Qxd7 Nxd7 28. Nd6 Bxd6 29. Bxd6 Bg6 30. h4 h6 31. b4 b6 32. Kb2 Be8 33. b5 Ndc5 34. Bb8 cxb5 35. cxb5 a5 36. Ba7 Nd7 37. Bc4 Bf7 38. Bd5 Nec5 39. Kc2 Kf8 40. Bxf7 Kxf7 41. Nd5 Nxe4 42. Nxb6 Ne5 43. Nc8 Ke6 44. Bd4 Kd5 45. Bxe5 Kxe5 46. Ne7 Kf4 47. b6 Nc5 48. Nf5 Kxg4 49. Nxg7 f5 50. Kd2 f4 51. Ke1 Kxh4 52. Ne6 Nd7 53. b7 Kg3 54. Kf1 f3 55. Ng7 Kf4 56. Kf2 Ke4 57. Ne6 Kd5 58. Nd8 Nb8 59. Ke3 h5 60. Nf7 Kc6 61. Nd8+ Kc7 62. Ne6+ 1/2-1/2

[Event "Asuncion Clasificatorio op 3rd"]
[Site "Asuncion"]
[Date "2017.02.25"]
[Round "2"]
[White "Alarcon, Jose"]
[Black "Florentin, Damaso"]
[Result "1/2-1/2"]
[WhiteElo "1937"]
[BlackElo "1651"]
[PlyCount "68"]
[EventDate "2017.02.24"]
[EventType "swiss"]
[EventRounds "7"]
[EventCountry "PAR"]
[SourceTitle "CBM 177 Extra"]
[Source "ChessBase"]
[SourceDate "2017.04.27"]
[SourceVersion "1"]
[SourceVersionDate "2017.04.27"]
[SourceQuality "1"]

1. e4 d6 2. d4 c6 3. Nc3 Qc7 4. f4 e5 5. Nf3 Bg4 6. Be3 h6 7. h3 Bxf3 8. Qxf3 Nd7 9. Bc4 Ngf6 10. dxe5 dxe5 11. 0-0-0 Bc5 12. Bxc5 Nxc5 13. f5 b5 14. Qe3 Qb6 15. Qg3 0-0 16. Bd3 b4 17. Ne2 Ncxe4 18. Qxe5 Rfe8 19. Qd4 Nf2 20. Qc4 Qe3+ 21. Kb1 Nxd3 22. Rxd3 Qxe2 23. Rhd1 a5 24. Qxc6 a4 25. Rc1 b3 26. axb3 axb3 27. Rxb3 Ne4 28. Ra3 Nd2+ 29. Ka2 Rxa3+ 30. Kxa3 Qe3+ 31. b3 Re5 32. Kb2 Rc5 33. Qa8+ Kh7 34. c3 Ne4 1/2-1/2

[Event "Asuncion Clasificatorio op 3rd"]
[Site "Asuncion"]
[Date "2016.06.11"]
[Round "4.10"]
[White "Lugo, Manuel"]
[Black "Florentin, Damaso"]
[Result "0-1"]
[WhiteElo "1588"]
[BlackElo "1680"]
[PlyCount "30"]
[EventDate "2016.06.10"]
[EventType "swiss"]
[EventRounds "7"]
[EventCountry "PAR"]
[SourceTitle "EXT 2023"]
[Source "ChessBase"]
[SourceDate "2022.10.05"]
[SourceVersion "1"]
[SourceVersionDate "2022.10.05"]
[SourceQuality "1"]

1. e4 d6 2. d4 c6 3. Nc3 Qc7 4. Nf3 Bg4 5. Be2 Nd7 6. 0-0 e5 7. d5 Be7 8. h3 Bh5 9. Be3 a6 10. Qd2 Ngf6 11. Rfd1 Bg6 12. Qd3 c5 13. a4 0-0 14. Nd2 Rfc8 15. Nc4 Nb6 0-1

[Event "Asuncion Clasificatorio op 3rd"]
[Site "Asuncion"]
[Date "2016.06.10"]
[Round "1.4"]
[White "Florentin, Damaso"]
[Black "Pereira, Sergio1111"]
[Result "0-1"]
[WhiteElo "1680"]
[BlackElo "1936"]
[PlyCount "66"]
[EventDate "2016.06.10"]
[EventType "swiss"]
[EventRounds "7"]
[EventCountry "PAR"]
[SourceTitle "EXT 2023"]
[Source "ChessBase"]
[SourceDate "2022.10.05"]
[SourceVersion "1"]
[SourceVersionDate "2022.10.05"]
[SourceQuality "1"]

1. d4 Nf6 2. Bf4 g6 3. Nd2 Bg7 4. Ngf3 d6 5. e3 0-0 6. Bc4 c5 7. c3 Nc6 8. 0-0 cxd4 9. exd4 Bf5 10. a3 Rc8 11. Re1 a6 12. h3 h6 13. Ba2 b5 14. Qe2 g5 15. Bg3 Re8 16. d5 Nb8 17. Nd4 Bg6 18. Bh2 Rc5 19. Qf3 Qc8 20. g4 h5 21. Nf5 hxg4 22. hxg4 Bxf5 23. gxf5 Nbd7 24. Re3 Nb6 25. b4 Rc7 26. Rae1 g4 27. Qe2 Nfxd5 28. Bxd5 Nxd5 29. Rd3 Qxf5 30. Bxd6 Rxc3 31. Rxc3 Nxc3 32. Qe3 Nd5 33. Be5 Nxe3 0-1

[Event "Asuncion op"]
[Site "Asuncion"]
[Date "2015.10.18"]
[Round "8"]
[White "Encina, Alfred"]
[Black "Florentin, Damaso"]
[Result "1-0"]
[WhiteElo "1806"]
[BlackElo "1642"]
[PlyCount "101"]
[EventDate "2015.10.08"]
[EventType "swiss"]
[EventRounds "9"]
[EventCountry "PAR"]
[SourceTitle "CBM 168 Extra"]
[Source "ChessBase"]
[SourceDate "2015.10.29"]
[SourceVersion "1"]
[SourceVersionDate "2015.10.29"]
[SourceQuality "1"]

1. d4 c6 2. Nf3 d6 3. e3 Qc7 4. b3 Bg4 5. Be2 Nd7 6. Bb2 Ngf6 7. Nbd2 e5 8. dxe5 dxe5 9. Ng5 Bf5 10. Bd3 Bg6 11. Bxg6 hxg6 12. Qe2 b5 13. 0-0-0 Be7 14. Qf3 a5 15. a3 0-0 16. Qh3 Nh5 17. Nde4 Rad8 18. g4 Bxg5 19. gxh5 Bh6 20. hxg6 fxg6 21. Qe6+ Kh7 22. Rd6 Nf6 23. Rxd8 Qxd8 24. Qxc6 Nxe4 25. Qxe4 Rxf2 26. Rd1 Qg5 27. Bxe5 Qxe3+ 28. Qxe3 Bxe3+ 29. Kb2 Bf4 30. Bxf4 Rxf4 31. Rd5 Rf5 32. c4 bxc4 33. bxc4 Rf4 34. Kc3 Rf3+ 35. Rd3 Rf1 36. c5 g5 37. Kc4 Rf4+ 38. Kb5 Rf2 39. Rc3 Rxh2 40. c6 Rb2+ 41. Ka6 Rb8 42. c7 Rc8 43. Kb7 Rf8 44. c8Q Rxc8 45. Rxc8 Kg6 46. a4 g4 47. Kb6 Kh5 48. Kxa5 g3 49. Kb5 g2 50. Rc1 Kh4 51. a5 1-0

[Event "Asuncion Clasificatorio op 4th"]
[Site "Asuncion"]
[Date "2015.08.16"]
[Round "6.8"]
[White "Uribe, Gabriel"]
[Black "Florentin, Damaso"]
[Result "1-0"]
[WhiteElo "1957"]
[BlackElo "1668"]
[PlyCount "22"]
[EventDate "2015.08.14"]
[EventType "swiss"]
[EventRounds "7"]
[EventCountry "PAR"]
[SourceTitle "EXT 2023"]
[Source "ChessBase"]
[SourceDate "2022.10.05"]
[SourceVersion "1"]
[SourceVersionDate "2022.10.05"]
[SourceQuality "1"]

1. b3 d6 2. Bb2 e5 3. e3 c6 4. d4 Qc7 5. Nf3 e4 6. Ng1 Nf6 7. c4 d5 8. Nc3 Bb4 9. Nge2 Bg4 10. Qc2 Nbd7 11. a3 Be7 1-0

[Event "Asuncion Clasificatorio op 4th"]
[Site "Asuncion"]
[Date "2015.08.14"]
[Round "1.1"]
[White "Roman, Rodrigo"]
[Black "Florentin, Damaso"]
[Result "1-0"]
[WhiteElo "2048"]
[BlackElo "1668"]
[PlyCount "51"]
[EventDate "2015.08.14"]
[EventType "swiss"]
[EventRounds "7"]
[EventCountry "PAR"]
[SourceTitle "EXT 2023"]
[Source "ChessBase"]
[SourceDate "2022.10.05"]
[SourceVersion "1"]
[SourceVersionDate "2022.10.05"]
[SourceQuality "1"]

1. d4 c6 2. c4 d6 3. Nc3 Qc7 4. g3 Bg4 5. Bg2 e5 6. Nf3 Nd7 7. 0-0 Be7 8. d5 Ngf6 9. h3 Bh5 10. g4 Bg6 11. dxc6 bxc6 12. Nh4 Ne4 13. Nxe4 Bxe4 14. Bxe4 Bxh4 15. Qa4 Rc8 16. Be3 Nb6 17. Qc2 h6 18. c5 Nd5 19. cxd6 Nxe3 20. fxe3 Qxd6 21. Rad1 Qc7 22. Rxf7 Kxf7 23. Bg6+ Kf8 24. Qf5+ Bf6 25. Rd7 Qb8 26. Qe6 1-0

[Event "Asuncion Clasificatorio op 3rd"]
[Site "Asuncion"]
[Date "2015.07.19"]
[Round "5.16"]
[White "Florentin, Damaso"]
[Black "Sanchez Morel, Araceli"]
[Result "1-0"]
[WhiteElo "1668"]
[BlackElo "1197"]
[PlyCount "35"]
[EventDate "2015.07.17"]
[EventType "swiss"]
[EventRounds "7"]
[EventCountry "PAR"]
[SourceTitle "EXT 2023"]
[Source "ChessBase"]
[SourceDate "2022.10.05"]
[SourceVersion "1"]
[SourceVersionDate "2022.10.05"]
[SourceQuality "1"]

1. d4 Nf6 2. Bg5 e6 3. e3 Be7 4. c3 d5 5. Nd2 Bd7 6. Bd3 Nc6 7. Ngf3 Bd6 8. Rc1 e5 9. dxe5 Nxe5 10. Nxe5 Bxe5 11. Nf3 Bd6 12. Bb1 c6 13. 0-0 h6 14. Bh4 g5 15. Bg3 Be6 16. Nd4 h5 17. Nxe6 fxe6 18. Bg6+ 1-0

[Event "Asuncion Mayor op 2nd"]
[Site "Asuncion"]
[Date "2015.06.13"]
[Round "5"]
[White "Gonzalez, Jose Ismael"]
[Black "Florentin, Damaso"]
[Result "1/2-1/2"]
[WhiteElo "1176"]
[BlackElo "1671"]
[PlyCount "51"]
[EventDate "2015.06.12"]
[EventType "swiss"]
[EventRounds "7"]
[EventCountry "PAR"]
[SourceTitle "EXT 2017"]
[Source "ChessBase"]
[SourceDate "2016.10.25"]
[SourceVersion "1"]
[SourceVersionDate "2016.10.25"]
[SourceQuality "1"]

1. e4 d6 2. d4 c6 3. Nf3 Bg4 4. h3 Bh5 5. Be2 Qc7 6. c4 Nd7 7. Nc3 e5 8. dxe5 dxe5 9. Be3 h6 10. 0-0 Be7 11. b3 Rd8 12. Qc2 g5 13. Nh2 Bg6 14. f3 Ngf6 15. Rad1 0-0 16. Ng4 Kg7 17. Na4 b6 18. Qb2 Rfe8 19. Bd2 Nh5 20. Kh2 f6 21. Nf2 Nf4 22. Bxf4 gxf4 23. b4 Nf8 24. a3 Ne6 25. Nc3 Nd4 26. c5 1/2-1/2

[Event "Asuncion Mayor op 2nd"]
[Site "Asuncion"]
[Date "2015.06.12"]
[Round "2"]
[White "Penayo, Nicolas"]
[Black "Florentin, Damaso"]
[Result "1-0"]
[WhiteElo "1861"]
[BlackElo "1671"]
[PlyCount "57"]
[EventDate "2015.06.12"]
[EventType "swiss"]
[EventRounds "7"]
[EventCountry "PAR"]
[SourceTitle "EXT 2017"]
[Source "ChessBase"]
[SourceDate "2016.10.25"]
[SourceVersion "1"]
[SourceVersionDate "2016.10.25"]
[SourceQuality "1"]

1. e4 d6 2. d4 c6 3. Nc3 Qc7 4. Be3 e5 5. Bc4 Be7 6. Qh5 g6 7. Qd1 Nf6 8. Bh6 Ng4 9. Bg7 Rg8 10. h3 Nxf2 11. Qf3 Rxg7 12. Qxf2 exd4 13. Qxd4 Bh4+ 14. Ke2 Be6 15. Qxg7 Bxc4+ 16. Kd1 h5 17. Nf3 Be7 18. Kd2 Nd7 19. Qd4 b5 20. Qh8+ Nf8 21. Rad1 b4 22. Ne2 0-0-0 23. Qd4 d5 24. e5 Ne6 25. Qf2 Bc5 26. Ned4 Bxa2 27. Nxe6 Bxf2 28. Nxc7 Bc4 29. b3 1-0

[Event "Asuncion zt 2.5"]
[Site "Asuncion"]
[Date "2015.04.27"]
[Round "1"]
[White "Zacarias Martinez, Ruben David"]
[Black "Florentin, Damaso"]
[Result "1-0"]
[WhiteElo "2240"]
[BlackElo "1661"]
[PlyCount "79"]
[EventDate "2015.04.27"]
[EventType "swiss"]
[EventRounds "9"]
[EventCountry "PAR"]
[SourceTitle "CBM 166 Extra"]
[Source "ChessBase"]
[SourceDate "2015.06.18"]
[SourceVersion "1"]
[SourceVersionDate "2015.06.18"]
[SourceQuality "1"]

1. e4 d6 2. d4 c6 3. c4 Qc7 4. Nc3 e5 5. Nf3 Be7 6. Be2 Nf6 7. 0-0 a6 8. d5 c5 9. Ne1 h6 10. Nd3 g5 11. b4 b6 12. a4 Nbd7 13. a5 Rb8 14. axb6 Rxb6 15. bxc5 Nxc5 16. Nxc5 dxc5 17. Be3 0-0 18. h4 Nd7 19. Bg4 Kg7 20. Bf5 Rh8 21. d6 Rxd6 22. Nd5 Qd8 23. Bd2 Nf6 24. Ba5 Qf8 25. Bc7 Rxd5 26. cxd5 Bxf5 27. exf5 Bd6 28. Ba5 gxh4 29. Bc3 Kh7 30. Rxa6 Rg8 31. Re1 h3 32. g3 Ng4 33. f3 Nf6 34. Kh2 Nd7 35. Ra4 h5 36. Rh4 Rg5 37. f4 exf4 38. Rxh5+ Qh6 39. Rxh6+ Kxh6 40. g4 1-0

[Event "Asuncion IRT op "]
[Site "Asuncion"]
[Date "2015.02.22"]
[Round "4"]
[White "Servin, Alfredo"]
[Black "Florentin, Damaso"]
[Result "0-1"]
[WhiteElo "1506"]
[BlackElo "1661"]
[PlyCount "61"]
[EventDate "2015.02.20"]
[EventType "swiss"]
[EventRounds "9"]
[EventCountry "PAR"]
[SourceTitle "EXT 2017"]
[Source "ChessBase"]
[SourceDate "2016.10.25"]
[SourceVersion "1"]
[SourceVersionDate "2016.10.25"]
[SourceQuality "1"]

1. e4 d6 2. Nf3 Bg4 3. g3 Nd7 4. d3 c6 5. Be2 e5 6. Nc3 Be7 7. Be3 Qc7 8. Nd2 Bh3 9. Bg4 Bxg4 10. Qxg4 g6 11. 0-0 h5 12. Qe2 Ngf6 13. Nf3 Ng4 14. Bd2 0-0-0 15. h3 Nh6 16. Bxh6 Rxh6 17. Qe3 Rdh8 18. Qxa7 g5 19. Nh2 Bd8 20. Qa3 Nc5 21. b4 Ne6 22. b5 Nd4 23. Qb2 Qa5 24. bxc6 bxc6 25. Rab1 Kd7 26. Nd1 Bc7 27. c3 Rb8 28. Qd2 Rxb1 29. Qxg5 Ne2+ 30. Kg2 Rg6 31. Qf5+ 0-1

[Event "Asuncion IRT op "]
[Site "Asuncion"]
[Date "2015.02.21"]
[Round "3"]
[White "Florentin, Damaso"]
[Black "Flores, Rodney"]
[Result "0-1"]
[WhiteElo "1661"]
[BlackElo "1820"]
[PlyCount "58"]
[EventDate "2015.02.20"]
[EventType "swiss"]
[EventRounds "9"]
[EventCountry "PAR"]
[SourceTitle "EXT 2017"]
[Source "ChessBase"]
[SourceDate "2016.10.25"]
[SourceVersion "1"]
[SourceVersionDate "2016.10.25"]
[SourceQuality "1"]

1. d4 f5 2. Bg5 Nf6 3. Nd2 d5 4. e3 e6 5. Ngf3 Bd6 6. Ne5 0-0 7. c4 c6 8. Rc1 Nbd7 9. f4 Qe8 10. a3 Ne4 11. Bh4 Ndf6 12. Bxf6 gxf6 13. Nd3 e5 14. Be2 exd4 15. exd4 Be6 16. c5 Bc7 17. 0-0 Kh8 18. Bh5 Bf7 19. Bf3 Rg8 20. Re1 h5 21. Nf1 h4 22. Ne3 Be6 23. Bh5 Qf8 24. Qf3 Qh6 25. Re2 Rg7 26. Rf1 Rag8 27. Kh1 Rh7 28. g4 hxg3 29. Bg4 fxg4 0-1

[Event "Asuncion op"]
[Site "Asuncion"]
[Date "2014.05.03"]
[Round "5"]
[White "Goiriz, Yahari Damian"]
[Black "Florentin, Damaso"]
[Result "1-0"]
[WhiteElo "2064"]
[BlackElo "1693"]
[PlyCount "63"]
[EventDate "2014.04.30"]
[EventType "swiss"]
[EventRounds "9"]
[EventCountry "PAR"]
[SourceTitle "CBM 160 Extra"]
[Source "ChessBase"]
[SourceDate "2014.07.01"]
[SourceVersion "1"]
[SourceVersionDate "2014.07.01"]
[SourceQuality "1"]

1. d4 d6 2. c4 c6 3. Nc3 Qc7 4. e4 e5 5. Nge2 Be7 6. Be3 Bf6 7. d5 c5 8. Qd2 h6 9. f3 a6 10. g4 Nd7 11. Ng3 Bh4 12. Be2 g6 13. 0-0 Qd8 14. a4 Bg5 15. a5 Qf6 16. Bd1 Rb8 17. Ba4 Kf8 18. Rab1 Qd8 19. Bxd7 Bxd7 20. f4 exf4 21. Bxf4 Bxg4 22. b4 cxb4 23. Rxb4 Qxa5 24. Bxd6+ Ne7 25. Qd4 Rh7 26. e5 Bc8 27. Rb6 Ra8 28. Bb4 Qxb6 29. Qxb6 Ke8 30. Nce4 Nf5 31. Nxg5 hxg5 32. Ne4 1-0

[Event "Asuncion op"]
[Site "Asuncion"]
[Date "2014.05.01"]
[Round "2"]
[White "Florentin, Damaso"]
[Black "Britez, G Jorge A"]
[Result "0-1"]
[WhiteElo "1693"]
[BlackElo "1888"]
[PlyCount "80"]
[EventDate "2014.04.30"]
[EventType "swiss"]
[EventRounds "9"]
[EventCountry "PAR"]
[SourceTitle "CBM 160 Extra"]
[Source "ChessBase"]
[SourceDate "2014.07.01"]
[SourceVersion "1"]
[SourceVersionDate "2014.07.01"]
[SourceQuality "1"]

1. d4 Nf6 2. c3 d5 3. Bf4 e6 4. e3 Bd6 5. Bg5 Be7 6. Bd3 h6 7. Bh4 0-0 8. Nd2 b6 9. Ngf3 Bb7 10. Rc1 c5 11. 0-0 Nc6 12. Re1 Rc8 13. Bb1 Re8 14. Qc2 g6 15. Bg3 Bd6 16. Ne5 Qc7 17. f4 cxd4 18. exd4 Ne7 19. Qd3 Ne4 20. Nxe4 dxe4 21. Qc2 f5 22. Bf2 Bxe5 23. fxe5 Qc4 24. Qd2 Kh7 25. h4 h5 26. Qg5 Ng8 27. Be3 Qc7 28. Bc2 Qd8 29. Qg3 Nh6 30. Bg5 Qd7 31. Bxh6 Kxh6 32. Rf1 Qe7 33. Qe3+ Kh7 34. Rf4 Kg8 35. Qg3 Kf7 36. Kf2 Rg8 37. Qg5 Qxg5 38. hxg5 Rgd8 39. Ke3 Bd5 40. Rcf1 Rc7 0-1

[Event "Asuncion op"]
[Site "Asuncion"]
[Date "2014.04.30"]
[Round "1"]
[White "Florentin, Damaso"]
[Black "Vargas, Gabriela"]
[Result "0-1"]
[WhiteElo "1693"]
[BlackElo "2118"]
[PlyCount "61"]
[EventDate "2014.04.30"]
[EventType "swiss"]
[EventRounds "9"]
[EventCountry "PAR"]
[SourceTitle "CBM 160 Extra"]
[Source "ChessBase"]
[SourceDate "2014.07.01"]
[SourceVersion "1"]
[SourceVersionDate "2014.07.01"]
[SourceQuality "1"]

1. d4 Nf6 2. c3 d5 3. Bf4 Bf5 4. e3 Nbd7 5. Nf3 e6 6. Nbd2 Bd6 7. Bg5 h6 8. Bh4 c5 9. Bb5 0-0 10. 0-0 Qb6 11. Qb3 a6 12. Be2 Qxb3 13. axb3 Ne4 14. Nxe4 Bxe4 15. Bg3 Bxg3 16. hxg3 Rfd8 17. Ra5 Rac8 18. Nd2 Bg6 19. Re1 Rc7 20. f3 Kf8 21. Kf2 Rdc8 22. dxc5 Rxc5 23. Rxc5 Nxc5 24. b4 Na4 25. Nb3 Nxb2 26. Nc5 b6 27. Nd7+ Ke7 28. Nxb6 Rb8 29. Nxd5+ exd5 30. Bxa6 Bd3 31. Ra1 0-1

[Event "Asuncion Clasificatorio op"]
[Site "Asuncion"]
[Date "2013.09.08"]
[Round "6.13"]
[White "Avalos Arguello, Jose Mathias"]
[Black "Florentin, Damaso"]
[Result "0-1"]
[WhiteElo "1583"]
[BlackElo "1757"]
[PlyCount "90"]
[EventDate "2013.08.30"]
[EventType "swiss"]
[EventRounds "9"]
[EventCountry "PAR"]
[SourceTitle "EXT 2023"]
[Source "ChessBase"]
[SourceDate "2022.10.05"]
[SourceVersion "1"]
[SourceVersionDate "2022.10.05"]
[SourceQuality "1"]

1. d4 d6 2. Nf3 Bg4 3. Bf4 c6 4. c3 Nf6 5. Nbd2 Nh5 6. e3 Nxf4 7. exf4 Nd7 8. h3 Bf5 9. Bc4 d5 10. Be2 Nf6 11. Ne5 Ne4 12. g4 Nxd2 13. Qxd2 Bc8 14. 0-0-0 e6 15. Rhe1 Bd6 16. Bd3 f6 17. Nf3 Qc7 18. Qc2 Bxf4+ 19. Kb1 g6 20. c4 0-0 21. h4 e5 22. Be2 e4 23. Ng1 f5 24. cxd5 cxd5 25. Qb3 Qd6 26. g5 Qe6 27. Nh3 Bd6 28. h5 f4 29. Ng1 Qf7 30. hxg6 hxg6 31. f3 Bf5 32. Ka1 a6 33. Nh3 Bxh3 34. Rh1 Be6 35. Rh6 Kg7 36. Rdh1 Rh8 37. fxe4 Rxh6 38. Rxh6 Rh8 39. Rxh8 Kxh8 40. exd5 Bxd5 41. Qh3+ Kg8 42. Qc8+ Kg7 43. Qd8 Qe7 44. Qc8 Qxe2 45. Qd7+ Qe7 0-1

[Event "Asuncion Clasificatorio op"]
[Site "Asuncion"]
[Date "2013.09.01"]
[Round "2.13"]
[White "Florentin, Damaso"]
[Black "Aguero Centurio, Abel Alejandro"]
[Result "0-1"]
[WhiteElo "1757"]
[BlackElo "1699"]
[PlyCount "76"]
[EventDate "2013.08.30"]
[EventType "swiss"]
[EventRounds "9"]
[EventCountry "PAR"]
[SourceTitle "EXT 2023"]
[Source "ChessBase"]
[SourceDate "2022.10.05"]
[SourceVersion "1"]
[SourceVersionDate "2022.10.05"]
[SourceQuality "1"]

1. e4 c6 2. Nf3 d5 3. exd5 cxd5 4. Ne5 Nf6 5. d4 Nbd7 6. f4 e6 7. Bd3 Bd6 8. 0-0 Qb6 9. Nf3 0-0 10. Kh1 Rd8 11. c3 Nf8 12. Nbd2 Bd7 13. a4 Qc7 14. Ne5 a6 15. Qe2 Rab8 16. Ndf3 Be8 17. Bd2 b5 18. b4 bxa4 19. Bxa6 Ne4 20. Ra3 f6 21. Nd3 Ra8 22. Nc5 Bxc5 23. bxc5 Nxd2 24. Nxd2 Bh5 25. Qb5 Rdb8 26. Qxa4 Be2 27. c4 Bxf1 28. Nxf1 Qxf4 29. cxd5 Rxa6 30. Qxa6 Ra8 31. Qc4 Rxa3 32. dxe6 Ra4 33. Qb5 Nxe6 34. d5 Ra1 35. Kg1 Qe3+ 36. Kh1 Qf2 37. Qb8+ Nf8 38. h3 Rxf1+ 0-1

[Event "Asuncion IRT Sub 2200"]
[Site "Asuncion"]
[Date "2013.06.10"]
[Round "7.8"]
[White "Florentin, Damaso"]
[Black "Salinas, Victor"]
[Result "1-0"]
[WhiteElo "1786"]
[BlackElo "1649"]
[PlyCount "115"]
[EventDate "2013.06.07"]
[EventType "swiss"]
[EventRounds "7"]
[EventCountry "PAR"]
[SourceTitle "EXT 2023"]
[Source "ChessBase"]
[SourceDate "2022.10.05"]
[SourceVersion "1"]
[SourceVersionDate "2022.10.05"]
[SourceQuality "1"]

1. e4 e6 2. Qe2 d6 3. g3 b6 4. Bg2 Bb7 5. d3 Ne7 6. f4 g6 7. Nh3 Bg7 8. 0-0 0-0 9. Nd2 Nd7 10. Nf3 h6 11. c3 Kh7 12. Bd2 f5 13. Nf2 fxe4 14. dxe4 d5 15. Nd4 Bxd4 16. cxd4 c5 17. Bc3 a5 18. Rae1 dxe4 19. Nxe4 Ba6 20. Qg4 Bxf1 21. Bxf1 Nf5 22. dxc5 bxc5 23. Qe2 Qb6 24. Qc4 Rae8 25. Bg2 e5 26. fxe5 Nxe5 27. Bxe5 Rxe5 28. Ng5+ hxg5 29. Rxe5 Qxb2 30. Qe2 Qxe2 31. Rxe2 Rc8 32. Rc2 Nd4 33. Rc4 Kg7 34. Kf2 Kf6 35. Ke3 Re8+ 36. Be4 Nf5+ 37. Kd3 Nd6 38. Bc6 Re5 39. Rc1 c4+ 40. Kd4 Re2 41. Kc5 Ke5 42. a4 c3 43. Rxc3 Ne4+ 44. Bxe4 Rxe4 45. Kb5 Re2 46. h3 Rh2 47. g4 Kd4 48. Rb3 Rc2 49. Kxa5 Rc5+ 50. Kb6 Rc8 51. Rb5 Kc4 52. Rxg5 Kd4 53. a5 Rb8+ 54. Ka7 Rh8 55. a6 Rxh3 56. Kb6 Kc4 57. Rxg6 Rb3+ 58. Kc7 1-0

[Event "PAR-ch"]
[Site "Asuncion"]
[Date "2011.10.09"]
[Round "9"]
[White "Florentin, Damaso"]
[Black "Vargas Reyes, Ana Gabriela"]
[Result "0-1"]
[WhiteElo "1806"]
[BlackElo "2076"]
[PlyCount "152"]
[EventDate "2011.09.23"]
[EventType "swiss"]
[EventRounds "9"]
[EventCountry "PAR"]
[SourceTitle "CBM 144 Extra"]
[Source "ChessBase"]
[SourceDate "2011.10.28"]
[SourceVersion "1"]
[SourceVersionDate "2011.10.28"]
[SourceQuality "1"]

1. e4 e6 2. Qe2 c5 3. g3 Nc6 4. c3 g6 5. f4 Bg7 6. Bg2 Nge7 7. Nf3 0-0 8. 0-0 d6 9. Na3 e5 10. d3 Rb8 11. Nc2 f5 12. fxe5 dxe5 13. Be3 b6 14. Rad1 h6 15. Nh4 fxe4 16. Bxe4 Bf5 17. Bc1 Bxe4 18. Rxf8+ Qxf8 19. Qxe4 g5 20. Rf1 Qe8 21. Nf5 Nxf5 22. Qxf5 Rb7 23. Qe4 Rf7 24. Qd5 Ne7 25. Qe6 Kf8 26. Re1 Qc6 27. Qxc6 Nxc6 28. Ne3 Rd7 29. Rd1 Ke8 30. Kf2 Kf7 31. Ke2 Ke6 32. g4 Rf7 33. Bd2 Bf8 34. Rf1 Rxf1 35. Kxf1 e4 36. dxe4 Ke5 37. Ke2 Kxe4 38. Nd1 Bd6 39. Nf2+ Kd5 40. h3 Bg3 41. Nd1 Ke4 42. Be3 Ne5 43. b3 Nd3 44. c4 Be5 45. Nf2+ Nxf2 46. Bxf2 Kf4 47. Be1 Bd4 48. b4 Ke4 49. bxc5 Bxc5 50. h4 Kd4 51. hxg5 hxg5 52. Bd2 Be7 53. Kf3 Kd3 54. Bc1 Bd8 55. Bb2 a5 56. Be5 a4 57. Bb2 Kxc4 58. Ke4 b5 59. Bd4 b4 60. Bb2 b3 61. axb3+ Kxb3 62. Bd4 a3 63. Kd3 a2 64. Ke4 Be7 65. Kf5 Ba3 66. Kxg5 Bb2 67. Bxb2 Kxb2 68. Kg6 a1Q 69. g5 Kc3 70. Kh7 Kd4 71. g6 Ke5 72. g7 Qh1+ 73. Kg6 Qg2+ 74. Kf7 Qf3+ 75. Ke8 Kf6 76. g8N+ Ke6 0-1

[Event "PAR-ch"]
[Site "Asuncion"]
[Date "2011.10.02"]
[Round "7"]
[White "Florentin, Damaso"]
[Black "Zarate, Fernandoh"]
[Result "1/2-1/2"]
[WhiteElo "1806"]
[BlackElo "1707"]
[PlyCount "142"]
[EventDate "2011.09.23"]
[EventType "swiss"]
[EventRounds "9"]
[EventCountry "PAR"]
[SourceTitle "CBM 144 Extra"]
[Source "ChessBase"]
[SourceDate "2011.10.28"]
[SourceVersion "1"]
[SourceVersionDate "2011.10.28"]
[SourceQuality "1"]

1. e4 d6 2. Qe2 Nf6 3. Nf3 g6 4. g3 Bg7 5. Bg2 c5 6. c3 0-0 7. 0-0 Nc6 8. d3 Bd7 9. Nbd2 b5 10. a3 a5 11. d4 b4 12. axb4 axb4 13. Rxa8 Qxa8 14. cxb4 cxd4 15. e5 Nd5 16. exd6 Ndxb4 17. dxe7 Re8 18. Ng5 h6 19. Nge4 Rxe7 20. Qc4 Qb8 21. Nc5 Ne5 22. Qb3 Bf5 23. Nde4 Bg4 24. f3 Be6 25. Qd1 Bc4 26. Re1 Nbd3 27. Nxd3 Nxd3 28. Bf1 Nxe1 29. Bxc4 Qb4 30. Bf1 Nxf3+ 31. Qxf3 Qe1 32. Nf6+ Bxf6 33. Qxf6 Re6 34. Qf4 g5 35. Qd2 Qxd2 36. Bxd2 Rc6 37. Bd3 Kg7 38. b4 Kf6 39. b5 Rc8 40. Kf2 Ke5 41. g4 Ra8 42. b6 Ra2 43. Ke1 Ra1+ 44. Ke2 Kd6 45. Be4 Ra6 46. b7 Kc7 47. h4 f6 48. Kd3 Ra3+ 49. Kxd4 Rg3 50. hxg5 hxg5 51. Bb4 Rb3 52. Be7 Rb6 53. Bd5 Ra6 54. Ke4 Rb6 55. Kf5 Rb5 56. Ke6 Rb6+ 57. Kf7 Rb5 58. Be4 f5 59. Bxf5 Rxb7 60. Bxg5 Kd6+ 61. Kg6 Ke5 62. Bh4 Kf4 63. Bf6 Rb6 64. Kf7 Rb7+ 65. Be7 Ke5 66. Bg6 Kf4 67. Bf5 Ke5 68. Ke8 Kf4 69. Kd8 Ra7 70. Bh4 Rf7 71. Be6 Rg7 1/2-1/2